佐賀県の市町村(1960年) - Statistics

General Stats
  • This quiz has been taken 49 times
  • The average score is 41 of 49
Answer Stats
No. 市町村 備考 % Correct
1 佐賀市
100%
2 唐津市
97%
3 鳥栖市
94%
5 伊万里市
94%
6 武雄市
94%
7 鹿島市
90%
35 東松浦郡 玄海町
90%
4 多久市
87%
14 神埼郡 神埼町 2006年消滅
87%
18 神埼郡 脊振村 2006年消滅
87%
25 小城郡 小城町 2005年消滅
87%
38 西松浦郡 有田町
87%
47 藤津郡 太良町
87%
49 藤津郡 嬉野町 2006年消滅
87%
10 佐賀郡 東与賀村 1966年昇格
84%
11 佐賀郡 久保田村 1967年昇格
84%
17 神埼郡 東脊振村 2006年消滅
84%
20 三養基郡 基山町
84%
24 三養基郡 上峰村 1989年昇格
84%
37 東松浦郡 呼子町 2005年消滅
84%
39 西松浦郡 西有田村 1965年昇格
84%
42 杵島郡 大町町
84%
44 杵島郡 白石町
84%
9 佐賀郡 川副町 2007年消滅
81%
12 佐賀郡 大和町 2005年消滅
81%
13 佐賀郡 富士村 1966年昇格
81%
15 神埼郡 千代田村 1965年昇格
81%
21 三養基郡 中原村 1971年昇格
81%
23 三養基郡 三根村 1962年昇格
81%
28 小城郡 芦刈村 1967年昇格
81%
30 東松浦郡 七山村 2006年消滅
81%
31 東松浦郡 厳木町 2005年消滅
81%
36 東松浦郡 鎮西町 2005年消滅
81%
40 杵島郡 山内町 2006年消滅
81%
41 杵島郡 北方町 2006年消滅
81%
43 杵島郡 江北町
81%
46 杵島郡 有明村 1962年昇格
81%
48 藤津郡 塩田町 2006年消滅
81%
8 佐賀郡 諸富町 2005年消滅
77%
19 神埼郡 三瀬村 2005年消滅
77%
22 三養基郡 北茂安村 1965年昇格
77%
26 小城郡 三日月村 1969年昇格
77%
27 小城郡 牛津町 2005年消滅
77%
32 東松浦郡 相知町 2005年消滅
77%
33 東松浦郡 北波多村 2005年消滅
77%
34 東松浦郡 肥前町 2005年消滅
77%
45 杵島郡 福富村 1967年昇格
77%
16 神埼郡 三田川村 1965年昇格
74%
29 東松浦郡 浜崎玉島町 1966年改称
71%
No matching quizzes found
Score Distribution
Percent of People with Each Score
Percentile by Number Answered
Your Score History
You have not taken this quiz